[Event "Festival Jean-Claude Loubatière-Master"]
[Site "Montpellier FRA"]
[Date "2007.07.09"]
[Round "3.4"]
[White "Lubczynski, Rafal"]
[Black "Prie, Eric"]
[Result "0-1"]
[WhiteElo "2368"]
[BlackElo "2518"]
[PlyCount "88"]
[EventDate "2007.07.07"]
[EventType "swiss"]
[EventRounds "9"]
[EventCountry "FRA"]
[Source "lmi"]
[SourceDate "2007.07.07"]

1. d4 d5 2. c4 c6 3. Nf3 Nf6 4. Nc3 a6 5. c5 Nbd7 6. Bf4 Nh5 7. Bd2 Nhf6 8. Rc1
g6 9. g3 Bg7 10. h3 O-O 11. Bg2 Ne4 12. Bf4 Nxc3 13. bxc3 Qa5 14. O-O e5 15.
dxe5 Nxc5 16. c4 dxc4 17. Rxc4 Ne6 18. Bd2 Qxa2 19. Ra4 Qd5 20. Qb1 b5 21. Nd4
Qd8 22. Ba5 Qe8 23. Bxc6 Bd7 24. Nxe6 Qxe6 25. Bxd7 Qxd7 26. Rd1 Qxh3 27. Rh4
Qe6 28. Bc7 Rfe8 29. Re4 Qc8 30. Rd6 Qf5 31. g4 Qg5 32. Rd7 Re6 33. e3 Bxe5 34.
Bxe5 Rxe5 35. Qa2 Rf8 36. Rxe5 Qxg4+ 37. Kf1 Qxd7 38. Qxa6 Rb8 39. Qf6 Re8 40.
Rc5 Re4 41. Qf3 Qd3+ 42. Kg2 h5 43. Qf6 Qd7 44. Kh2 Rh4+ 0-1

[Event "Festival Jean-Claude Loubatière-Master"]
[Site "Montpellier FRA"]
[Date "2007.07.09"]
[Round "3.5"]
[White "Boudre, Jean-Pierre"]
[Black "Heberla, Bartlomiej"]
[Result "1-0"]
[WhiteElo "2329"]
[BlackElo "2484"]
[PlyCount "59"]
[EventDate "2007.07.07"]
[EventType "swiss"]
[EventRounds "9"]
[EventCountry "FRA"]
[Source "lmi"]
[SourceDate "2007.07.07"]

1. e4 c5 2. Nf3 d6 3. d4 cxd4 4. Nxd4 Nf6 5. Nc3 Bd7 6. Bg5 e6 7. Ndb5 Bc6 8.
Bxf6 gxf6 9. Qh5 a6 10. Nd4 Bd7 11. O-O-O Nc6 12. Nb3 Qb6 13. Rd2 Rc8 14. Kb1
h6 15. f4 Rg8 16. g3 Be7 17. Bh3 Rf8 18. Rhd1 Kd8 19. a3 Kc7 20. Na4 Qb5 21.
Qxb5 axb5 22. Nc3 Na7 23. f5 Rfe8 24. Nd4 Bf8 25. Bg4 Rcd8 26. Bh5 Re7 27. Bxf7
Rxf7 28. fxe6 Rg7 29. exd7 Rdxd7 30. Ne6+ 1-0

[Event "Festival Jean-Claude Loubatière-Master"]
[Site "Montpellier FRA"]
[Date "2007.07.09"]
[Round "3.6"]
[White "Chanoine, Guillaume"]
[Black "Libiszewski, Fabien"]
[Result "0-1"]
[WhiteElo "2296"]
[BlackElo "2469"]
[PlyCount "38"]
[EventDate "2007.07.07"]
[EventType "swiss"]
[EventRounds "9"]
[EventCountry "FRA"]
[Source "lmi"]
[SourceDate "2007.07.07"]

1. e4 e6 2. d4 d5 3. exd5 exd5 4. Bd3 c5 5. dxc5 Bxc5 6. Nf3 Nf6 7. O-O O-O 8.
Bg5 Nc6 9. c3 h6 10. Bh4 g5 11. Bg3 Ne4 12. b4 Bb6 13. b5 Ne7 14. Be5 Ng6 15.
Bd4 Bg4 16. Qc2 Bxf3 17. Bxb6 Qd7 18. gxf3 Qh3 19. Bxe4 Nf4 0-1

[Event "Festival Jean-Claude Loubatière-Master"]
[Site "Montpellier FRA"]
[Date "2007.07.09"]
[Round "3.7"]
[White "Seret, Jean-Luc"]
[Black "Krzesaj, Robert"]
[Result "1/2-1/2"]
[WhiteElo "2384"]
[BlackElo "2323"]
[PlyCount "78"]
[EventDate "2007.07.07"]
[EventType "swiss"]
[EventRounds "9"]
[EventCountry "FRA"]
[Source "lmi"]
[SourceDate "2007.07.07"]

1. e4 c6 2. Nf3 d5 3. Nc3 Bg4 4. h3 Bxf3 5. Qxf3 e6 6. Be2 Nd7 7. O-O Ngf6 8.
d4 dxe4 9. Nxe4 Nxe4 10. Qxe4 Nf6 11. Qh4 Qc7 12. Bf4 Bd6 13. Bxd6 Qxd6 14.
Rad1 Qb4 15. Qg5 O-O 16. Qc1 Rad8 17. Rd3 Rd7 18. a3 Qb6 19. Rfd1 Rfd8 20. c4
h6 21. Bf3 e5 22. c5 Qc7 23. Qe3 e4 24. Bxe4 Re7 25. f3 Rde8 26. b4 Nxe4 27.
fxe4 Rxe4 28. Qf3 Qe7 29. d5 cxd5 30. Rxd5 Re1+ 31. Rxe1 Qxe1+ 32. Kh2 Qe6 33.
Rd6 Qe5+ 34. Qg3 Qxg3+ 35. Kxg3 Re3+ 36. Kf2 Rxa3 37. Rd7 a5 38. Rxb7 axb4 39.
Rxb4 Rc3 1/2-1/2

[Event "Festival Jean-Claude Loubatière-Master"]
[Site "Montpellier FRA"]
[Date "2007.07.09"]
[Round "3.8"]
[White "Apicella, Manuel"]
[Black "Zharkov, Hleb"]
[Result "1-0"]
[WhiteElo "2533"]
[BlackElo "2204"]
[PlyCount "80"]
[EventDate "2007.07.07"]
[EventType "swiss"]
[EventRounds "9"]
[EventCountry "FRA"]
[Source "lmi"]
[SourceDate "2007.07.07"]

1. e4 d6 2. d4 Nf6 3. Nc3 g6 4. Be3 c6 5. Qd2 Qa5 6. f3 Nbd7 7. Nh3 b5 8. Nf2
Bg7 9. Be2 a6 10. O-O Bb7 11. a3 O-O 12. g4 Qc7 13. g5 Ne8 14. f4 f5 15. h4 e5
16. Rad1 exd4 17. Bxd4 fxe4 18. Bxg7 Nxg7 19. Qxd6 Qxd6 20. Rxd6 Nb6 21. Nfxe4
Nf5 22. Re6 Kf7 23. Nc5 Nd7 24. N3e4 Rfe8 25. Rxe8 Rxe8 26. Nxd7 Rxe4 27. Bd3
Re3 28. Bxf5 gxf5 29. h5 Re2 30. Rf2 Re1+ 31. Kh2 c5 32. Nxc5 Rh1+ 33. Kg3 Bd5
34. Rd2 Rg1+ 35. Kf2 Rg2+ 36. Ke3 Rg3+ 37. Kd4 Bg2 38. Rd3 Rg4 39. Ke5 Rh4 40.
Rd7+ Ke8 1-0

[Event "Festival Jean-Claude Loubatière-Master"]
[Site "Montpellier FRA"]
[Date "2007.07.09"]
[Round "3.9"]
[White "Djuric, Stefan"]
[Black "Oliveira, Sancho"]
[Result "1-0"]
[WhiteElo "2472"]
[BlackElo "2236"]
[PlyCount "95"]
[EventDate "2007.07.07"]
[EventType "swiss"]
[EventRounds "9"]
[EventCountry "FRA"]
[Source "lmi"]
[SourceDate "2007.07.07"]

1. Nf3 d5 2. g3 Nf6 3. Bg2 e6 4. O-O Be7 5. d3 b6 6. c4 Bb7 7. cxd5 exd5 8.
Qa4+ Qd7 9. Qxd7+ Nbxd7 10. Bf4 c5 11. Nc3 O-O 12. Nh4 g6 13. Rfe1 Rfd8 14.
Rac1 Nf8 15. Bg5 Ne6 16. Bxf6 Bxf6 17. Nf3 Rac8 18. h4 Bc6 19. Nh2 b5 20. e4
dxe4 21. dxe4 Bxc3 22. Rxc3 Rd2 23. Rb1 b4 24. Rcc1 Bb5 25. Nf3 Rdd8 26. Ne5
Nd4 27. Kh2 f6 28. Ng4 Kg7 29. b3 Ne2 30. Re1 Rd2 31. Ra1 c4 32. bxc4 Bxc4 33.
e5 f5 34. Nf6 Bxa2 35. Rxa2 Rxa2 36. Rd1 Rh8 37. Rd7+ Kh6 38. Bd5 Rd2 39. Rxa7
Nc3 40. Ng8+ Rxg8 41. Bxg8 Kh5 42. Kh3 h6 43. f3 Rd3 44. Rf7 g5 45. Rg7 g4+ 46.
fxg4+ fxg4+ 47. Rxg4 Rf3 48. Rg7 1-0

[Event "Festival Jean-Claude Loubatière-Master"]
[Site "Montpellier FRA"]
[Date "2007.07.09"]
[Round "3.10"]
[White "Fantin, Ludwig"]
[Black "Bijaoui, Manuel"]
[Result "0-1"]
[WhiteElo "2232"]
[BlackElo "2357"]
[PlyCount "52"]
[EventDate "2007.07.07"]
[EventType "swiss"]
[EventRounds "9"]
[EventCountry "FRA"]
[Source "lmi"]
[SourceDate "2007.07.07"]

1. e4 c5 2. Nf3 d6 3. d4 cxd4 4. Nxd4 Nf6 5. Nc3 a6 6. f3 e6 7. Be3 b5 8. Qd2
Nbd7 9. g4 Nb6 10. O-O-O Bb7 11. Bd3 Qc7 12. g5 Nfd7 13. Kb1 Rc8 14. h4 Ne5 15.
Qf2 Nec4 16. Bc1 b4 17. Nce2 Ne5 18. h5 Nxd3 19. cxd3 e5 20. Nf5 b3 21. axb3
Qc2+ 22. Ka2 Rc5 23. b4 Bc8 24. d4 Be6+ 25. d5 Nxd5 26. exd5 Rxd5 0-1

[Event "Festival Jean-Claude Loubatière-Master"]
[Site "Montpellier FRA"]
[Date "2007.07.10"]
[Round "4.1"]
[White "Maze, Sebastien"]
[Black "Hamdouchi, Hichem"]
[Result "1/2-1/2"]
[WhiteElo "2530"]
[BlackElo "2576"]
[PlyCount "23"]
[EventDate "2007.07.07"]
[EventType "swiss"]
[EventRounds "9"]
[EventCountry "FRA"]
[Source "lmi"]
[SourceDate "2007.07.07"]

1. e4 b6 2. d4 Bb7 3. Bd3 e6 4. Ne2 g6 5. O-O Bg7 6. c3 Nf6 7. Ng3 d6 8. Re1
O-O 9. Nd2 c5 10. Nf3 Nc6 11. a3 e5 12. dxe5 1/2-1/2

[Event "Festival Jean-Claude Loubatière-Master"]
[Site "Montpellier FRA"]
[Date "2007.07.10"]
[Round "4.2"]
[White "Prie, Eric"]
[Black "Cornette, Matthieu"]
[Result "1-0"]
[WhiteElo "2518"]
[BlackElo "2487"]
[PlyCount "43"]
[EventDate "2007.07.07"]
[EventType "swiss"]
[EventRounds "9"]
[EventCountry "FRA"]
[Source "lmi"]
[SourceDate "2007.07.07"]

1. d4 Nf6 2. Nf3 g6 3. Bf4 Bg7 4. Nc3 d5 5. Qd2 O-O 6. Bh6 c5 7. Bxg7 Kxg7 8.
dxc5 Na6 9. Qd4 Qa5 10. a3 Qxc5 11. e3 Qxd4 12. exd4 Bf5 13. Bxa6 bxa6 14.
O-O-O Rfc8 15. Rd2 Rc7 16. Re1 Rb8 17. Ne5 Ne4 18. Nxd5 Rcb7 19. Rde2 Be6 20.
Nb4 Nd6 21. Nxa6 Rc8 22. Nc5 1-0

[Event "Festival Jean-Claude Loubatière-Master"]
[Site "Montpellier FRA"]
[Date "2007.07.10"]
[Round "4.3"]
[White "Libiszewski, Fabien"]
[Black "Boudre, Jean-Pierre"]
[Result "1-0"]
[WhiteElo "2469"]
[BlackElo "2329"]
[PlyCount "83"]
[EventDate "2007.07.07"]
[EventType "swiss"]
[EventRounds "9"]
[EventCountry "FRA"]
[Source "lmi"]
[SourceDate "2007.07.07"]

1. e4 e5 2. Nf3 Nc6 3. Bb5 Nf6 4. O-O Nxe4 5. d4 Be7 6. Qe2 Nd6 7. Bxc6 bxc6 8.
dxe5 Nb7 9. Nc3 O-O 10. Rd1 d5 11. Ne4 Qe8 12. Ng3 f5 13. exf6 Bxf6 14. Qxe8
Rxe8 15. h3 Nd6 16. Nh5 Rb8 17. Nxf6+ gxf6 18. b3 Kf7 19. Bb2 Rg8 20. Kh2 Ne4
21. Rd4 Bb7 22. Nh4 c5 23. Ra4 Nxf2 24. Rxa7 d4 25. Rf1 Ne4 26. b4 Rg5 27. bxc5
Rxc5 28. Bxd4 Rxc2 29. Rb1 Nd6 30. Be3 Rg8 31. Rbxb7 Nxb7 32. Rxb7 Rxa2 33.
Rxc7+ Ke6 34. Rxh7 Re2 35. Bd4 Rd2 36. Bc3 Rc2 37. Be1 Re2 38. Bg3 Ra2 39. Nf3
Rd8 40. Rh4 Rd3 41. Rf4 Ra6 42. Bh4 1-0

[Event "Festival Jean-Claude Loubatière-Master"]
[Site "Montpellier FRA"]
[Date "2007.07.10"]
[Round "4.4"]
[White "Giffard, Nicolas"]
[Black "Apicella, Manuel"]
[Result "1-0"]
[WhiteElo "2381"]
[BlackElo "2533"]
[PlyCount "163"]
[EventDate "2007.07.07"]
[EventType "swiss"]
[EventRounds "9"]
[EventCountry "FRA"]
[Source "lmi"]
[SourceDate "2007.07.07"]

1. d4 e6 2. Nf3 d5 3. c4 c6 4. e3 Bd6 5. Nc3 f5 6. Ne5 Nf6 7. f4 O-O 8. Be2 b6
9. O-O Bb7 10. cxd5 exd5 11. Qc2 Ne4 12. Nxe4 fxe4 13. Bd2 Qe7 14. Bc3 a5 15.
b3 Ba6 16. Bxa6 Nxa6 17. Qe2 Bxe5 18. fxe5 Nc7 19. Rxf8+ Rxf8 20. a4 Ne6 21.
Bb2 Qg5 22. Rf1 Rxf1+ 23. Kxf1 h5 24. h3 Kh7 25. Qf2 Kg6 26. Ke2 b5 27. axb5
cxb5 28. Kd2 Qf5 29. Qe2 Nc7 30. Kc2 b4 31. Bc1 Qd7 32. Bd2 Qc6+ 33. Kb2 Nb5
34. g4 Na3 35. gxh5+ Kh6 36. Be1 Qc8 37. Qg2 Kxh5 38. e6 Kh6 39. e7 g5 40. Qe2
Qe6 41. e8=Q Qxe8 42. Qa6+ Kh5 43. Qxa5 Qb8 44. Qxb4 Nb5 45. Qe7 Kg6 46. Qe6+
Kh7 47. Qxd5 Qh2+ 48. Kc1 Qh1 49. Qf5+ Kh6 50. Kd2 Qg2+ 51. Qf2 Qxh3 52. Qf8+
Kh7 53. Qf7+ Kh6 54. Qf6+ Kh7 55. Qxg5 Qh2+ 56. Kd1 Nd6 57. Qh4+ Qxh4 58. Bxh4
Kg6 59. Bg3 Nf5 60. Bf4 Ne7 61. Kd2 Nd5 62. Bd6 Kf5 63. b4 Ke6 64. Bc5 Nc7 65.
Bb6 Nb5 66. Kc2 Kd5 67. Kb3 Kc6 68. Bd8 Kd7 69. Bg5 Kc6 70. Bh6 Kd5 71. Bg5 Kc6
72. Ka4 Kb6 73. Bd8+ Ka6 74. Kb3 Nd6 75. Bc7 Nf5 76. Bf4 Kb5 77. d5 Ng7 78. d6
Kc6 79. Kc4 Ne6 80. b5+ Kd7 81. Bg3 Ng5 82. Kd5 1-0

[Event "Festival Jean-Claude Loubatière-Master"]
[Site "Montpellier FRA"]
[Date "2007.07.10"]
[Round "4.5"]
[White "Bijaoui, Manuel"]
[Black "Djuric, Stefan"]
[Result "0-1"]
[WhiteElo "2357"]
[BlackElo "2472"]
[PlyCount "86"]
[EventDate "2007.07.07"]
[EventType "swiss"]
[EventRounds "9"]
[EventCountry "FRA"]
[Source "lmi"]
[SourceDate "2007.07.07"]

1. e4 g6 2. d4 Bg7 3. Nc3 c6 4. Nf3 d6 5. a4 Nf6 6. Be2 O-O 7. O-O Qc7 8. Be3
d5 9. exd5 Nxd5 10. Nxd5 cxd5 11. Qd2 Nc6 12. Bf4 Qa5 13. c3 Bg4 14. h3 Bxf3
15. Bxf3 e6 16. b4 Qd8 17. Rfd1 Rc8 18. Bg5 Bf6 19. Bh6 Re8 20. Rac1 Ne7 21. g4
Qd7 22. a5 a6 23. Kg2 Nc6 24. h4 Na7 25. Bg5 Qd8 26. Qf4 Be7 27. Be2 Rc6 28.
Rd3 Nb5 29. Rf3 Nd6 30. b5 axb5 31. Bxb5 f6 32. Bxc6 fxg5 33. Qe5 bxc6 34. h5
Bf8 35. hxg6 h6 36. Ra1 Bg7 37. Qe2 e5 38. dxe5 Bxe5 39. Qd1 Qd7 40. Rh3 Ne4
41. a6 Nxc3 42. Qf3 Ne2 43. a7 Nf4+ 0-1

[Event "Festival Jean-Claude Loubatière-Master"]
[Site "Montpellier FRA"]
[Date "2007.07.10"]
[Round "4.6"]
[White "Sengupta, Deep"]
[Black "Seret, Jean-Luc"]
[Result "1-0"]
[WhiteElo "2435"]
[BlackElo "2384"]
[PlyCount "73"]
[EventDate "2007.07.07"]
[EventType "swiss"]
[EventRounds "9"]
[EventCountry "FRA"]
[Source "lmi"]
[SourceDate "2007.07.07"]

1. e4 d6 2. Nc3 e5 3. Bc4 Be6 4. d3 Nc6 5. Nge2 Be7 6. O-O Nf6 7. Ng3 Qd7 8. a4
O-O-O 9. a5 a6 10. Bd2 d5 11. exd5 Nxd5 12. Nxd5 Bxd5 13. Bxd5 Qxd5 14. b4 g6
15. Rb1 f5 16. Re1 h5 17. Nf1 h4 18. h3 Rhg8 19. Ne3 Qe6 20. b5 axb5 21. Rxb5
Nd4 22. Rb2 Ba3 23. Rb1 g5 24. c3 Nc6 25. a6 b6 26. Qa4 Rxd3 27. Qxa3 Rxd2 28.
c4 g4 29. Nd5 gxh3 30. a7 Rxg2+ 31. Kh1 Rdxf2 32. a8=Q+ Kd7 33. Qxh3 Qg6 34.
Rg1 Rg3 35. Qxh4 Qg5 36. Qh7+ Ke6 37. Qe8+ 1-0

[Event "Festival Jean-Claude Loubatière-Master"]
[Site "Montpellier FRA"]
[Date "2007.07.10"]
[Round "4.7"]
[White "Roy Chowdhury, Saptarshi"]
[Black "Lubczynski, Rafal"]
[Result "1-0"]
[WhiteElo "2420"]
[BlackElo "2368"]
[PlyCount "59"]
[EventDate "2007.07.07"]
[EventType "swiss"]
[EventRounds "9"]
[EventCountry "FRA"]
[Source "lmi"]
[SourceDate "2007.07.07"]

1. e4 d6 2. Bc4 Nf6 3. d3 c6 4. Bb3 Nbd7 5. Ne2 Nc5 6. O-O Nxb3 7. axb3 g6 8.
Be3 a5 9. Nbc3 b5 10. h3 Bg7 11. Qd2 O-O 12. Bh6 Bd7 13. Ng3 c5 14. Bxg7 Kxg7
15. f4 Qc7 16. Rae1 Bc6 17. Nd1 a4 18. bxa4 Rxa4 19. Ne3 d5 20. e5 Nd7 21. b3
Ra2 22. f5 Nxe5 23. f6+ Kh8 24. d4 cxd4 25. Qxd4 e6 26. Qf4 Qb8 27. Qg5 Nd7 28.
Rf4 Qe5 29. Qh6 Rg8 30. Nef1 1-0

[Event "Festival Jean-Claude Loubatière-Master"]
[Site "Montpellier FRA"]
[Date "2007.07.10"]
[Round "4.8"]
[White "Krzesaj, Robert"]
[Black "Chanoine, Guillaume"]
[Result "1-0"]
[WhiteElo "2323"]
[BlackElo "2296"]
[PlyCount "115"]
[EventDate "2007.07.07"]
[EventType "swiss"]
[EventRounds "9"]
[EventCountry "FRA"]
[Source "lmi"]
[SourceDate "2007.07.07"]

1. Nf3 Nf6 2. g3 g6 3. b3 Bg7 4. Bb2 O-O 5. Bg2 d6 6. d4 c5 7. c4 cxd4 8. Nxd4
a6 9. O-O Qc7 10. Nc3 e6 11. Rc1 Rd8 12. Qd3 Nc6 13. Nd5 exd5 14. cxd5 Ne5 15.
Rxc7 Nxd3 16. exd3 Ne8 17. Rc2 Bd7 18. Re1 Rac8 19. Rec1 Rxc2 20. Rxc2 Rc8 21.
Rxc8 Bxc8 22. Kf1 Kf8 23. Ke2 b5 24. Ke3 Bb7 25. Ba3 Ke7 26. Bb4 Nc7 27. Nc6+
Kd7 28. Ba5 Nxd5+ 29. Bxd5 Bxc6 30. Bxf7 Ke7 31. Bg8 h6 32. Bb6 Bb2 33. Bd4
Bc1+ 34. Ke2 g5 35. Bc3 g4 36. Bd2 Bf3+ 37. Ke3 Bxd2+ 38. Kxd2 d5 39. Ke3 b4
40. Bh7 Bd1 41. Bf5 a5 42. Kf4 Kf6 43. Bxg4 Bc2 44. Ke3 Bb1 45. Kd2 Bxa2 46.
Kc2 a4 47. bxa4 d4 48. Bf3 Be6 49. Bb7 Ke7 50. f4 Kd6 51. Be4 Kc5 52. f5 Bf7
53. g4 Be8 54. Kb3 Bf7+ 55. Kb2 Be8 56. a5 Kb5 57. h4 Kxa5 58. g5 1-0

[Event "Festival Jean-Claude Loubatière-Master"]
[Site "Montpellier FRA"]
[Date "2007.07.10"]
[Round "4.9"]
[White "Heberla, Bartlomiej"]
[Black "San Marco, Bruno"]
[Result "1-0"]
[WhiteElo "2484"]
[BlackElo "2221"]
[PlyCount "57"]
[EventDate "2007.07.07"]
[EventType "swiss"]
[EventRounds "9"]
[EventCountry "FRA"]
[Source "lmi"]
[SourceDate "2007.07.07"]

1. e4 d5 2. exd5 Nf6 3. d4 Nxd5 4. Nf3 Nb6 5. a4 a5 6. c4 g6 7. Nc3 Bg7 8. c5
Nd5 9. Bc4 c6 10. Qb3 O-O 11. O-O Nb4 12. Ne5 Qe8 13. Bg5 h6 14. Bh4 Bf5 15.
Rae1 g5 16. Bg3 Bc2 17. Qa3 Bf5 18. Ne4 Nc2 19. Qf3 Be6 20. Bxe6 Nxe1 21. Qg4
Nd3 22. Bb3 Nxe5 23. dxe5 Qc8 24. Qh5 Qf5 25. Bc2 Bxe5 26. Qxh6 Rd8 27. Nf6+
Qxf6 28. Bh7+ Kh8 29. Bxe5 1-0

[Event "Festival Jean-Claude Loubatière-Master"]
[Site "Montpellier FRA"]
[Date "2007.07.10"]
[Round "4.10"]
[White "Hamdouchi, Adina-Maria"]
[Black "Ouakhir, Mehdi"]
[Result "1-0"]
[WhiteElo "2309"]
[BlackElo "2206"]
[PlyCount "71"]
[EventDate "2007.07.07"]
[EventType "swiss"]
[EventRounds "9"]
[EventCountry "FRA"]
[Source "lmi"]
[SourceDate "2007.07.07"]

1. Nf3 d5 2. c4 e6 3. e3 Nf6 4. Nc3 c6 5. b3 Nbd7 6. Bb2 Bd6 7. Qc2 O-O 8. d4
Qe7 9. Be2 Re8 10. O-O h6 11. e4 dxe4 12. Nxe4 Nxe4 13. Qxe4 e5 14. c5 Bc7 15.
Bc4 Nf6 16. Qh4 e4 17. Ne5 Be6 18. Rae1 Bxc4 19. bxc4 Bxe5 20. dxe5 Nd7 21.
Qxe4 Qxc5 22. Re3 Re6 23. f4 Rae8 24. Ba3 Qa5 25. Qd4 Nf8 26. Rg3 Rg6 27. Rxg6
Nxg6 28. Bd6 Kh8 29. h4 Qxa2 30. f5 Nf8 31. f6 g6 32. Bxf8 Rxf8 33. h5 g5 34.
e6 fxe6 35. f7+ Kh7 36. Qe4+ 1-0

[Event "Festival Jean-Claude Loubatière-Master"]
[Site "Montpellier FRA"]
[Date "2007.07.11"]
[Round "5.1"]
[White "Hamdouchi, Hichem"]
[Black "Prie, Eric"]
[Result "1-0"]
[WhiteElo "2576"]
[BlackElo "2518"]
[PlyCount "83"]
[EventDate "2007.07.07"]
[EventType "swiss"]
[EventRounds "9"]
[EventCountry "FRA"]
[Source "lmi"]
[SourceDate "2007.07.07"]

1. c4 c6 2. e4 d5 3. exd5 cxd5 4. d4 Nf6 5. Nc3 Nc6 6. Bg5 e6 7. Nf3 Be7 8. c5
O-O 9. Bb5 Ne4 10. Bxe7 Qxe7 11. O-O Nxc3 12. bxc3 Bd7 13. Re1 b6 14. c4 bxc5
15. Qa4 Qd6 16. dxc5 Qc7 17. cxd5 exd5 18. Qd1 Nb8 19. Bd3 Qxc5 20. Re5 g6 21.
Qd2 Re8 22. Rxe8+ Bxe8 23. Rc1 Qe7 24. Rc8 Qe6 25. Qc1 a6 26. Nd4 Qe5 27. Qe3
Qxe3 28. fxe3 Kf8 29. Nc6 Nxc6 30. Rxa8 Nb4 31. Bxa6 Ke7 32. Bb7 Bd7 33. a3 Nc2
34. Bxd5 Nxe3 35. Bf3 h5 36. a4 Kd6 37. a5 Kc5 38. Ra7 Be6 39. Rb7 Bc4 40. Kf2
Nf5 41. Rc7+ Kb4 42. Rxc4+ 1-0

[Event "Festival Jean-Claude Loubatière-Master"]
[Site "Montpellier FRA"]
[Date "2007.07.11"]
[Round "5.2"]
[White "Libiszewski, Fabien"]
[Black "Maze, Sebastien"]
[Result "1/2-1/2"]
[WhiteElo "2469"]
[BlackElo "2530"]
[PlyCount "81"]
[EventDate "2007.07.07"]
[EventType "swiss"]
[EventRounds "9"]
[EventCountry "FRA"]
[Source "lmi"]
[SourceDate "2007.07.07"]

1. c4 f5 2. Nc3 Nf6 3. g3 e5 4. Bg2 Nc6 5. d3 Bc5 6. e3 d6 7. Nge2 a5 8. O-O
O-O 9. d4 Ba7 10. a3 e4 11. Rb1 Ne7 12. f3 exf3 13. Bxf3 c6 14. Nf4 Kh8 15. b4
axb4 16. axb4 d5 17. cxd5 Nexd5 18. Ncxd5 Nxd5 19. Nxd5 cxd5 20. Qb3 Be6 21. b5
Bb8 22. Ba3 Re8 23. Rfc1 Bg8 24. Rc3 Bd6 25. Bxd6 Qxd6 26. Rbc1 Rad8 27. Rc7
Re7 28. Rxe7 Qxe7 29. Kf2 g5 30. Rc3 f4 31. Qc2 fxe3+ 32. Rxe3 Qf6 33. Kg2 g4
34. Bxg4 Qxd4 35. Qe2 Qf6 36. Re8 Rxe8 37. Qxe8 b6 38. Bf3 Qe6 39. Qxe6 Bxe6
40. Kf2 d4 41. Bc6 1/2-1/2

[Event "Festival Jean-Claude Loubatière-Master"]
[Site "Montpellier FRA"]
[Date "2007.07.11"]
[Round "5.3"]
[White "Cornette, Matthieu"]
[Black "Roy Chowdhury, Saptarshi"]
[Result "1/2-1/2"]
[WhiteElo "2487"]
[BlackElo "2420"]
[PlyCount "53"]
[EventDate "2007.07.07"]
[EventType "swiss"]
[EventRounds "9"]
[EventCountry "FRA"]
[Source "lmi"]
[SourceDate "2007.07.07"]

1. e4 c5 2. Nf3 Nc6 3. Bb5 d6 4. O-O Bd7 5. Re1 a6 6. Bf1 Nf6 7. c3 e5 8. d4
Be7 9. d5 Na7 10. b4 cxb4 11. cxb4 O-O 12. a4 Ne8 13. Qb3 Kh8 14. b5 f5 15.
bxa6 bxa6 16. Bxa6 fxe4 17. Rxe4 Bf5 18. Rb4 Nc6 19. Rb6 Na5 20. Qb4 Nc7 21.
Qxa5 Nxa6 22. Nc3 Nc5 23. Qb5 Bd7 24. Qb4 Nd3 25. Qb3 Nc5 26. Qb4 Nd3 27. Qb3
1/2-1/2

[Event "Festival Jean-Claude Loubatière-Master"]
[Site "Montpellier FRA"]
[Date "2007.07.11"]
[Round "5.4"]
[White "Djuric, Stefan"]
[Black "Giffard, Nicolas"]
[Result "1-0"]
[WhiteElo "2472"]
[BlackElo "2381"]
[PlyCount "131"]
[EventDate "2007.07.07"]
[EventType "swiss"]
[EventRounds "9"]
[EventCountry "FRA"]
[Source "lmi"]
[SourceDate "2007.07.07"]

1. c4 e6 2. g3 d5 3. Bg2 Nf6 4. Nf3 dxc4 5. Qa4+ Nbd7 6. Qxc4 c5 7. Qc2 e5 8.
O-O Bd6 9. Nc3 h6 10. e3 O-O 11. d4 Re8 12. Nb5 Bf8 13. dxe5 Nxe5 14. Nxe5 Rxe5
15. e4 a6 16. Bf4 Re7 17. Rad1 Qb6 18. Nc3 Rd7 19. e5 Rxd1 20. Rxd1 Ne8 21. Nd5
Qa7 22. Be3 Bg4 23. f3 Be6 24. f4 g6 25. Be4 Bg4 26. Rd2 b6 27. Nxb6 Rb8 28.
Nd5 a5 29. Kg2 Bc8 30. h3 Bb7 31. Kh2 Ba8 32. g4 Qa6 33. f5 g5 34. Kg2 c4 35.
Nc3 Bg7 36. f6 Bf8 37. Bxa8 Qxa8+ 38. Qe4 Qa6 39. Nd5 Qe6 40. Kf3 Bb4 41. Rd4
Bc5 42. Rxc4 Bxe3 43. Rc6 Qd7 44. Nxe3 Rxb2 45. e6 Qb7 46. exf7+ Qxf7 47. Nf5
Nxf6 48. Nxh6+ Kf8 49. Nxf7 Nxe4 50. Kxe4 Kxf7 51. a4 Rf2 52. Ra6 Rf4+ 53. Ke5
Rxa4 54. Kf5 Ra3 55. Ra7+ Kf8 56. Rh7 Rf3+ 57. Kxg5 a4 58. h4 Rb3 59. Ra7 Rb5+
60. Kh6 Rb4 61. Kh5 Kg8 62. g5 Kh8 63. Kh6 Kg8 64. Ra8+ Kf7 65. g6+ Kf6 66. h5
1-0

[Event "Festival Jean-Claude Loubatière-Master"]
[Site "Montpellier FRA"]
[Date "2007.07.11"]
[Round "5.5"]
[White "Sengupta, Deep"]
[Black "Krzesaj, Robert"]
[Result "0-1"]
[WhiteElo "2435"]
[BlackElo "2323"]
[PlyCount "108"]
[EventDate "2007.07.07"]
[EventType "swiss"]
[EventRounds "9"]
[EventCountry "FRA"]
[Source "lmi"]
[SourceDate "2007.07.07"]

1. e4 c6 2. Nf3 d5 3. Nc3 Bg4 4. h3 Bxf3 5. Qxf3 e6 6. d3 Nd7 7. g4 Bb4 8. Bd2
d4 9. Nb1 Bxd2+ 10. Nxd2 Ne7 11. h4 Qc7 12. Qg3 Qxg3 13. fxg3 Ne5 14. Be2 h6
15. Kf2 c5 16. g5 hxg5 17. hxg5 Kd7 18. a3 N7c6 19. Kg2 a5 20. Raf1 Ke7 21. Bh5
b5 22. Rh4 c4 23. dxc4 bxc4 24. b3 g6 25. Bd1 c3 26. Nf3 a4 27. Rxh8 Rxh8 28.
bxa4 Ra8 29. Nxe5 Nxe5 30. Be2 Rxa4 31. Ra1 Kd6 32. Bb5 Ra8 33. a4 Kc5 34. Rd1
Nc4 35. Kf3 Nd6 36. Bd3 Rxa4 37. Kf4 Nc4 38. Re1 e5+ 39. Kf3 Ne3 40. Kf2 Ra2
41. Kf3 Kb4 42. Rb1+ Rb2 43. Rc1 Nxc2 44. Rxc2 Kb3 45. Rc1 Rd2 46. Bb1 c2 47.
Bxc2+ Rxc2 48. Rb1+ Kc3 49. Rb7 Rc1 50. Rc7+ Kd2 51. Re7 Rf1+ 52. Kg2 Ke2 53.
Rxe5 d3 54. Rd5 Ra1 0-1

[Event "Festival Jean-Claude Loubatière-Master"]
[Site "Montpellier FRA"]
[Date "2007.07.11"]
[Round "5.6"]
[White "Ramaswamy, Aarthie"]
[Black "Heberla, Bartlomiej"]
[Result "0-1"]
[WhiteElo "2281"]
[BlackElo "2484"]
[PlyCount "64"]
[EventDate "2007.07.07"]
[EventType "swiss"]
[EventRounds "9"]
[EventCountry "FRA"]
[Source "lmi"]
[SourceDate "2007.07.07"]

1. e4 c5 2. Nf3 Nc6 3. Nc3 d6 4. d4 cxd4 5. Nxd4 Nf6 6. Bg5 g6 7. Bxf6 exf6 8.
Be2 Bg7 9. Ndb5 O-O 10. Qxd6 f5 11. O-O fxe4 12. Qxd8 Rxd8 13. Nxe4 Bxb2 14.
Rab1 Be5 15. f4 Bg7 16. Bc4 Na5 17. Bd3 a6 18. Na3 Be6 19. Rbd1 Bxa2 20. f5 Bb2
21. Nb1 Bc4 22. fxg6 hxg6 23. Rf3 Nc6 24. Rdf1 Bxd3 25. cxd3 Ne5 26. Nf6+ Kg7
27. Rh3 Rh8 28. Rg3 Nxd3 29. Rxd3 Bxf6 30. Kh1 Rad8 31. Rdf3 Rd6 32. Na3 Rc8
0-1